Collectivités territoriales situées outre-mer (Click) - Statistiques

Statistiques générales
  • Ce quiz a été pris 38 fois
  • Le résultat moyen est 8 sur 10
Statistiques - réponses
Hint Réponse % Correct

Polynésie française
100%

Guyane
97%

La Réunion
88%

Saint-Pierre-et-Miquelon
88%

Guadeloupe
85%

Martinique
82%

Mayotte
79%

Wallis-et-Futuna
76%

Saint-Barthélemy
58%

Saint-Martin
55%
Aucun quiz correspondant
Distribution des résultats
% des personnes avec chaque résultat
Percentile par nombre de réponses
Votre historique - résultats
Vous n’avez pas pris ce quiz